书目信息 |
| 题名: |
中国古典舞基本功训练教程
|
|
| 作者: | 王伟 著 | |
| 分册: | ||
| 出版信息: | 北京 高等教育出版社 2004 |
|
| 页数: | 276 | |
| 开本: | 26cm | |
| 丛书名: | ||
| 单 册: | ||
| 中图分类: | J72 | |
| 科图分类: | ||
| 主题词: | 舞蹈艺术--中国 , 舞剧--中国 | |
| 电子资源: | ||
| ISBN: | 7-04-015806-X | |
| 000 | 00564nam0 2200193 450 | |
| 001 | 0758474734 | |
| 005 | 20070817161434.73 | |
| 010 | @a7-04-015806-X@dCNY 28.80 | |
| 100 | @a20070817d km y0chiy0120 ea | |
| 101 | 0 | @achi |
| 200 | 1 | @a中国古典舞基本功训练教程@Azhong guo gu dian wu ji ben gong xun lian jiao cheng@f王伟著@Fwang wei zhu |
| 210 | @a北京@c高等教育出版社@d2004 | |
| 215 | @a276@d26cm | |
| 606 | 0 | @a舞蹈艺术@x中国 |
| 606 | 0 | @a舞剧@x中国 |
| 690 | @aJ72@v3 | |
| 701 | 0 | @a王伟@Awang wei@4著 |
| 801 | 0 | @aCN@bPFT@c20070817 |
| 905 | @a213230@dJ72@eY4@f1 | |
| 中国古典舞基本功训练教程/王伟著.-北京:高等教育出版社,2004 |
| 276;26cm |
| ISBN 7-04-015806-X:CNY 28.80 |
| ● |
| 相关链接 |
|
|
|
|
正题名:中国古典舞基本功训练教程
索取号:J72/Y4
 
预约/预借
| 序号 | 登录号 | 条形码 | 馆藏地/架位号 | 状态 | 备注 |
| 1 | 7401172 | 274011721 | 音乐系资料室/ [索取号:J72/Y4] | 在馆 | |
| 2 | 7401173 | 274011730 | 音乐系资料室/ [索取号:J72/Y4] | 在馆 | |
| 3 | 7401174 | 274011749 | 音乐系资料室/ [索取号:J72/Y4] | 在馆 |